[Event "GER-ch U14 Girls"]
[Site "Oberhof"]
[Date "2013.05.23"]
[Round "7"]
[White "Richardt, Angelina"]
[Black "Hacklinger, Dilan"]
[Result "1/2-1/2"]
[WhiteElo "1398"]
[BlackElo "1313"]
[PlyCount "97"]
[EventDate "2013.05.19"]
[EventType "swiss"]
[EventRounds "9"]
[EventCountry "GER"]
[SourceTitle "CBM 154 Extra"]
[Source "ChessBase"]
[SourceDate "2013.06.25"]
[SourceVersion "2"]
[SourceVersionDate "2013.06.25"]
[SourceQuality "1"]

1. e4 c5 2. Nc3 e6 3. g3 d5 4. exd5 exd5 5. d4 Nf6 6. Bg2 Be6 7. Nge2 c4 8. 0-0 Be7 9. h3 Qd7 10. Kh2 Nc6 11. Nf4 0-0-0 12. Be3 h6 13. b3 cxb3 14. axb3 g5 15. Nd3 Rdg8 16. Na4 h5 17. Nac5 Qd6 18. Nxe6 Qxe6 19. Qb1 h4 20. g4 Nd7 21. b4 a6 22. b5 Ncb8 23. bxa6 Nxa6 24. Qb3 Nb6 25. Rfb1 Bd8 26. Ra5 Nc7 27. Rc5 Nc4 28. Qxb7+ Kd7 29. Bxd5 Qd6+ 30. Kh1 Nxe3 31. Bc6+ Ke7 32. Re5+ Kf8 33. fxe3 Rh6 34. Rf1 f6 35. Nc5 Rg7 36. Qb6 Re7 37. Rxe7 Kxe7 38. Qb7 Qg3 39. Bg2 Qxe3 40. Qe4+ Qxe4 41. Nxe4 Ne6 42. d5 Nf4 43. c4 Kd7 44. d6 Ba5 45. Rc1 Nd3 46. Rd1 Nb2 47. Rd4 Na4 48. c5 Nb2 49. Kh2 1/2-1/2

[Event "GER-ch U14 Girls"]
[Site "Oberhof"]
[Date "2013.05.21"]
[Round "4"]
[White "Richardt, Angelina"]
[Black "Rogozenco, Teodora Nana"]
[Result "0-1"]
[WhiteElo "1398"]
[BlackElo "1821"]
[PlyCount "78"]
[EventDate "2013.05.19"]
[EventType "swiss"]
[EventRounds "9"]
[EventCountry "GER"]
[SourceTitle "CBM 154 Extra"]
[Source "ChessBase"]
[SourceDate "2013.06.25"]
[SourceVersion "2"]
[SourceVersionDate "2013.06.25"]
[SourceQuality "1"]

1. Nf3 Nf6 2. g3 d5 3. Bg2 c5 4. 0-0 Nc6 5. d3 g6 6. Nbd2 Bg7 7. c3 0-0 8. e4 e5 9. Re1 Re8 10. Qc2 h6 11. Nf1 Be6 12. h3 Rc8 13. exd5 Nxd5 14. Ne3 b6 15. Kh2 Kh7 16. Bd2 Qd7 17. Rad1 f5 18. Bc1 Qf7 19. Nc4 Qc7 20. Qd2 Bf7 21. Qc2 Rcd8 22. Ng1 b5 23. Nd2 Ndb4 24. cxb4 Nxb4 25. Qb1 Bxa2 26. Qa1 Qa5 27. Nb3 Qb6 28. Nd2 Qa6 29. b3 Nxd3 30. Qc3 e4 31. Qc2 c4 32. bxc4 Nb4 33. Re2 Nxc2 34. Kh1 Bxc4 35. Kh2 Bxe2 36. Nxe2 Nd4 37. Nc3 Nf3+ 38. Bxf3 exf3 39. Nxf3 Bxc3 0-1

[Event "GER-ch U14 Girls"]
[Site "Oberhof"]
[Date "2013.05.20"]
[Round "3"]
[White "Richardt, Angelina"]
[Black "Moeller, Hannah Sophie"]
[Result "1-0"]
[WhiteElo "1398"]
[BlackElo "1422"]
[PlyCount "157"]
[EventDate "2013.05.19"]
[EventType "swiss"]
[EventRounds "9"]
[EventCountry "GER"]
[SourceTitle "CBM 154 Extra"]
[Source "ChessBase"]
[SourceDate "2013.06.25"]
[SourceVersion "2"]
[SourceVersionDate "2013.06.25"]
[SourceQuality "1"]

1. e4 e5 2. Nf3 Nc6 3. Bc4 Bc5 4. c3 Qe7 5. 0-0 d6 6. Bb3 Nf6 7. d3 h6 8. h3 g5 9. Nh2 Rg8 10. g4 h5 11. Kg2 hxg4 12. hxg4 Qf8 13. Rh1 Rh8 14. Nd2 Bd7 15. Ndf1 Qh6 16. Qf3 Bxg4 17. Qg3 Bh3+ 18. Kg1 Qh5 19. Bxg5 Rg8 20. Nf3 Ng4 21. Rxh3 Bxf2+ 22. Kg2 Bxg3 23. Rxh5 Bf4 24. Ng3 Ne3+ 25. Kf2 Bxg3+ 26. Kxg3 Ne7 27. Kh3 Kd7 28. Bxe3 Rh8 29. Rxh8 Rxh8+ 30. Kg2 f5 31. exf5 Nxf5 32. Bd2 Kc6 33. Rh1 Rf8 34. Rf1 Rf6 35. Kg1 Rg6+ 36. Kf2 Rf6 37. Rh1 a5 38. Bd1 b5 39. Ke1 Kb6 40. Rg1 Nh6 41. Bxh6 Rxh6 42. Bc2 Rh3 43. Ke2 a4 44. d4 exd4 45. Nxd4 Rh2+ 46. Kd1 c5 47. Nf5 Rh5 48. Kc1 Kc6 49. Rg6 Rh1+ 50. Bd1 Kb6 51. Nxd6 Kc6 52. Nf5+ Kc7 53. Rd6 Rf1 54. Rf6 b4 55. cxb4 cxb4 56. Ne3 Rxf6 57. Nd5+ Kc6 58. Nxf6 Kb5 59. Ne4 a3 60. bxa3 bxa3 61. Kd2 Kc4 62. Bb3+ Kd4 63. Kc2 Kxe4 64. Kc3 Ke5 65. Kb4 Kd6 66. Kxa3 Kc6 67. Kb4 Kb6 68. Bc4 Ka7 69. Ka5 Kb7 70. Bd5+ Ka7 71. a4 Kb8 72. Kb6 Kc8 73. a5 Kb8 74. a6 Kc8 75. a7 Kd7 76. a8Q Ke7 77. Qc6 Kf8 78. Qf6+ Ke8 79. Bc6# 1-0

[Event "GER-ch U14 Girls"]
[Site "Oberhof"]
[Date "2013.05.19"]
[Round "1"]
[White "Richardt, Angelina"]
[Black "Weis, Olga"]
[Result "1/2-1/2"]
[WhiteElo "1398"]
[BlackElo "1676"]
[PlyCount "86"]
[EventDate "2013.05.19"]
[EventType "swiss"]
[EventRounds "9"]
[EventCountry "GER"]
[SourceTitle "CBM 154 Extra"]
[Source "ChessBase"]
[SourceDate "2013.06.25"]
[SourceVersion "2"]
[SourceVersionDate "2013.06.25"]
[SourceQuality "1"]

1. e4 e5 2. Nf3 Nc6 3. Bc4 Bc5 4. c3 Nf6 5. d3 a6 6. 0-0 Ba7 7. h3 d6 8. Bb3 h6 9. Be3 0-0 10. Nbd2 Be6 11. Bc2 Ne7 12. d4 Ng6 13. Re1 c6 14. Nf1 Qc7 15. Ng3 Qd7 16. Qd3 Nf4 17. Bxf4 exf4 18. Ne2 g5 19. e5 dxe5 20. Nxe5 Qc7 21. Bb1 Kg7 22. Kh1 Rad8 23. Qc2 Bd5 24. h4 Be4 25. Qb3 Bxb1 26. Raxb1 Ne4 27. Qc2 Nxf2+ 28. Kg1 Nd1 29. Rbxd1 Qxe5 30. Ng3 Qxe1+ 31. Rxe1 fxg3 32. h5 Rde8 33. Rf1 f5 34. Rd1 Re3 35. Kf1 Re4 36. Rd3 Rfe8 37. Qd2 Rh4 38. Rxg3 Rh1+ 39. Kf2 Rxh5 40. Kg1 Bb8 41. Rf3 Bf4 42. Qd1 Kg6 43. Qd3 Bh2+ 1/2-1/2

[Event "GER-chT U14 Girls"]
[Site "Magdeburg"]
[Date "2012.12.29"]
[Round "6.2"]
[White "Arnhold, Steffi"]
[Black "Richardt, Angelina"]
[Result "1/2-1/2"]
[WhiteElo "1392"]
[BlackElo "1244"]
[PlyCount "90"]
[EventDate "2012.12.27"]
[EventType "team-swiss"]
[EventRounds "7"]
[EventCountry "GER"]
[SourceTitle "EXT 2014"]
[Source "ChessBase"]
[SourceDate "2013.11.20"]
[SourceVersion "1"]
[SourceVersionDate "2013.11.20"]
[SourceQuality "1"]
[WhiteTeam "Grimma"]
[BlackTeam "Breitenworbis"]
[WhiteTeamCountry "GER"]
[BlackTeamCountry "GER"]

1. e4 e5 2. Nf3 d6 3. Bc4 Be7 4. c3 Nf6 5. d3 0-0 6. Bb3 c6 7. Nbd2 Nbd7 8. Qe2 Qc7 9. Nf1 d5 10. Ng3 Re8 11. Bd2 Nc5 12. Bc2 Bd6 13. h4 Bg4 14. h5 dxe4 15. dxe4 Rad8 16. 0-0-0 b5 17. Bg5 Be7 18. Rxd8 Rxd8 19. Nf5 Nb7 20. Nxe7+ Qxe7 21. Rh4 Bxf3 22. Qxf3 h6 23. Bxf6 Qxf6 24. Qxf6 gxf6 25. f4 Kh8 26. fxe5 fxe5 27. Rh3 Rg8 28. Rf3 Nd8 29. g3 Kh7 30. Bb3 Rf8 31. Kd2 Kg7 32. Kd3 c5 33. Bc2 Ne6 34. a4 c4+ 35. Ke3 a6 36. axb5 axb5 37. b3 Ra8 38. bxc4 bxc4 39. Rf5 f6 40. Bd1 Ng5 41. Be2 Ra3 42. Bxc4 Rxc3+ 43. Bd3 Ne6 44. Rf1 Nc5 45. Rd1 Kf7 1/2-1/2

[Event "GER-chT U14 Girls"]
[Site "Magdeburg"]
[Date "2012.12.28"]
[Round "4.2"]
[White "Michna, Masza"]
[Black "Richardt, Angelina"]
[Result "0-1"]
[WhiteElo "1056"]
[BlackElo "1244"]
[PlyCount "142"]
[EventDate "2012.12.27"]
[EventType "team-swiss"]
[EventRounds "7"]
[EventCountry "GER"]
[SourceTitle "EXT 2014"]
[Source "ChessBase"]
[SourceDate "2013.11.20"]
[SourceVersion "1"]
[SourceVersionDate "2013.11.20"]
[SourceQuality "1"]
[WhiteTeam "Hamburger SK"]
[BlackTeam "Breitenworbis"]
[WhiteTeamCountry "GER"]
[BlackTeamCountry "GER"]

1. f4 d5 2. Nf3 Nc6 3. e3 Bf5 4. Be2 Nf6 5. 0-0 e6 6. b3 d4 7. d3 dxe3 8. Bxe3 Ng4 9. Qd2 Nxe3 10. Qxe3 Nb4 11. Qd2 Bg4 12. c3 Bxf3 13. Rxf3 Nd5 14. d4 a6 15. h3 c5 16. Kh1 cxd4 17. Qxd4 Nf6 18. Qxd8+ Rxd8 19. Rd3 Bc5 20. Rxd8+ Kxd8 21. b4 Bf2 22. Kh2 Kc7 23. g3 Ne4 24. g4 f5 25. Bd3 Bg3+ 26. Kg2 Bxf4 27. Kf3 Bh2 28. Bxe4 fxe4+ 29. Kxe4 Rf8 30. Nd2 Rf4+ 31. Ke3 Kd6 32. Rf1 Rxf1 33. Nxf1 Bg1+ 34. Ke4 Bf2 35. Nd2 Be1 36. Nc4+ Kc6 37. Kd4 b5 38. Ne5+ Kd6 39. Nf7+ Ke7 40. Ne5 Kd6 41. Nd3 Bg3 42. Nc5 Bf2+ 43. Ke4 Bxc5 44. bxc5+ Kxc5 45. Kd3 e5 46. h4 Kd5 47. Ke3 Kc4 48. Kd2 b4 49. cxb4 Kxb4 50. Ke3 a5 51. Ke4 Ka3 52. Kxe5 Kxa2 53. Kd4 Kb2 54. Ke5 a4 55. Kf5 a3 56. g5 a2 57. g6 h6 58. Ke6 a1Q 59. h5 Qa5 60. Kf7 Qe5 61. Kg8 Qf6 62. Kh7 Kc3 63. Kh8 Kd4 64. Kh7 Ke5 65. Kh8 Qf5 66. Kg8 Qxh5 67. Kh7 Kf6 68. Kg8 Qxg6 69. Kh8 h5 70. Kg8 Qh6 71. Kf8 Qh8# 0-1

[Event "GER-chT U14 Girls"]
[Site "Magdeburg"]
[Date "2012.12.27"]
[Round "2.2"]
[White "Schilay, Eva"]
[Black "Richardt, Angelina"]
[Result "1-0"]
[WhiteElo "1124"]
[BlackElo "1244"]
[PlyCount "99"]
[EventDate "2012.12.27"]
[EventType "team-swiss"]
[EventRounds "7"]
[EventCountry "GER"]
[SourceTitle "EXT 2014"]
[Source "ChessBase"]
[SourceDate "2013.11.20"]
[SourceVersion "1"]
[SourceVersionDate "2013.11.20"]
[SourceQuality "1"]
[WhiteTeam "Neumarkt"]
[BlackTeam "Breitenworbis"]
[WhiteTeamCountry "GER"]
[BlackTeamCountry "GER"]

1. e4 e5 2. Nf3 d6 3. d4 exd4 4. Nxd4 Nf6 5. Nc3 c6 6. Bc4 Be7 7. 0-0 0-0 8. h3 b5 9. Bb3 b4 10. Nce2 Nxe4 11. Re1 Re8 12. Qd3 Nc5 13. Qg3 Nxb3 14. axb3 c5 15. Nf3 Nc6 16. Bh6 Bf6 17. Nf4 g6 18. Nd5 Rxe1+ 19. Rxe1 Bg7 20. Bg5 Qf8 21. Nc7 Bd7 22. Nxa8 Qxa8 23. Qxd6 Bf5 24. Qxc5 Bxb2 25. Bd2 Bg7 26. Bxb4 Bxc2 27. Re3 Bd1 28. Qd5 Bxf3 29. Rxf3 Qe8 30. Re3 Qc8 31. Bc3 Qa6 32. Bxg7 Kxg7 33. Qc4 Qb6 34. Rc3 Ne5 35. Qc5 Qf6 36. Re3 Nc6 37. Qc3 Nd4 38. Kf1 a6 39. Rd3 Nc6 40. Qxf6+ Kxf6 41. Rd6+ Ke5 42. Rxc6 f5 43. Rxa6 Kd4 44. Ke2 Kc3 45. Rb6 Kb2 46. b4 Kc3 47. Kf3 Kc4 48. Kf4 Kc3 49. Kg5 Kc4 50. Kh6 1-0

[Event "GER-chT U14 Girls"]
[Site "Arendsee"]
[Date "2011.12.30"]
[Round "7.2"]
[White "Richardt, Angelina"]
[Black "Wagner, Swenja"]
[Result "0-1"]
[WhiteElo "1154"]
[BlackElo "1249"]
[PlyCount "80"]
[EventDate "2011.12.27"]
[EventType "team-swiss"]
[EventRounds "7"]
[EventCountry "GER"]
[SourceTitle "EXT 2022"]
[Source "ChessBase"]
[SourceDate "2021.10.06"]
[SourceVersion "1"]
[SourceVersionDate "2021.10.06"]
[SourceQuality "1"]
[WhiteTeam "Breitenworbis U14 Girls"]
[BlackTeam "Gryps SV U14 Girls"]
[WhiteTeamCountry "GER"]
[BlackTeamCountry "GER"]

1. e4 e5 2. Nf3 Nc6 3. Bc4 Nf6 4. d3 Be7 5. c3 d6 6. b4 Bg4 7. h3 Bh5 8. Nbd2 0-0 9. 0-0 Kh8 10. Qb3 a6 11. a4 Nd7 12. Qa2 f5 13. exf5 Bxf3 14. Nxf3 Rxf5 15. Be3 Rf8 16. Qc2 h6 17. d4 exd4 18. Nxd4 Nxd4 19. Bxd4 Bf6 20. Rad1 Bxd4 21. Rxd4 Ne5 22. Ba2 Qf6 23. Bb1 g6 24. f4 Nc6 25. Rd2 Ne7 26. Rdf2 Nf5 27. Re1 Rae8 28. Rxe8 Rxe8 29. Kh2 b5 30. a5 c5 31. bxc5 dxc5 32. Rd2 Qh4 33. Rf2 Qg3+ 34. Kg1 Re1+ 35. Rf1 Rxf1+ 36. Kxf1 Ne3+ 37. Ke2 Nxc2 38. Bxc2 Qxg2+ 39. Kd1 Qf3+ 40. Kc1 Qxf4+ 0-1

[Event "GER-ch U12"]
[Site "Oberhof"]
[Date "2011.06.14"]
[Round "5"]
[White "Richardt, Angelina"]
[Black "Moeller, Hannah Sophie"]
[Result "1-0"]
[WhiteElo "1146"]
[BlackElo "1204"]
[PlyCount "93"]
[EventDate "2011.06.11"]
[EventType "swiss"]
[EventRounds "11"]
[EventCountry "GER"]
[SourceTitle "CBM 142 Extra"]
[Source "ChessBase"]
[SourceDate "2011.06.27"]
[SourceVersion "1"]
[SourceVersionDate "2011.06.27"]
[SourceQuality "1"]

1. e4 e5 2. Nf3 Nc6 3. Bc4 Nf6 4. d3 Bc5 5. c3 a6 6. Bb3 Ba7 7. 0-0 d6 8. h3 h6 9. Be3 Bd7 10. Nbd2 Qe7 11. Re1 0-0-0 12. Ba4 Bxe3 13. fxe3 Rdg8 14. b4 Na7 15. c4 g5 16. Nh2 g4 17. h4 h5 18. b5 axb5 19. cxb5 Bxb5 20. Qb3 Ba6 21. Qc3 Nd7 22. Bxd7+ Qxd7 23. Rec1 Nb5 24. Qa5 f5 25. a4 Na7 26. exf5 c6 27. e4 Kb8 28. Rc3 Qd8 29. Qxd8+ Rxd8 30. Nc4 b5 31. axb5 Nxb5 32. Rb3 Bb7 33. Nf1 Nd4 34. Rb2 Rhg8 35. Nfd2 Rg7 36. Nb3 Nxb3 37. Rxb3 Re8 38. Nxd6 Rd8 39. Nc4 Re7 40. Na5 Rd6 41. Rab1 Red7 42. Nxb7 Rxb7 43. Rxb7+ Ka8 44. R1b3 g3 45. R7b4 Rd7 46. Ra4+ Ra7 47. Rba3 1-0

[Event "GER-ch U12"]
[Site "Oberhof"]
[Date "2011.06.13"]
[Round "4"]
[White "Lederer, Leia"]
[Black "Richardt, Angelina"]
[Result "1-0"]
[WhiteElo "1252"]
[BlackElo "1146"]
[PlyCount "69"]
[EventDate "2011.06.11"]
[EventType "swiss"]
[EventRounds "11"]
[EventCountry "GER"]
[SourceTitle "CBM 142 Extra"]
[Source "ChessBase"]
[SourceDate "2011.06.27"]
[SourceVersion "1"]
[SourceVersionDate "2011.06.27"]
[SourceQuality "1"]

1. e4 e5 2. Nf3 d6 3. d4 exd4 4. Nxd4 Nf6 5. Nc3 Be7 6. g3 0-0 7. Bg2 c6 8. Be3 Bg4 9. f3 Bd7 10. Qd2 c5 11. Nf5 Be6 12. h4 a6 13. h5 b5 14. h6 g6 15. Ng7 Bd7 16. f4 Nc6 17. f5 Ne5 18. Bf4 Nfg4 19. 0-0-0 b4 20. Nd5 a5 21. Bh3 a4 22. Nxe7+ Qxe7 23. Bxg4 Nxg4 24. Bxd6 Qxe4 25. Bxf8 Rxf8 26. Qxd7 Nf2 27. Rhe1 Qa8 28. Rd5 b3 29. cxb3 axb3 30. a3 c4 31. Re8 Rxe8 32. Nxe8 Ne4 33. Nf6+ Kf8 34. Nxh7+ Kg8 35. fxg6 1-0

[Event "GER-ch U12"]
[Site "Oberhof"]
[Date "2011.06.12"]
[Round "1"]
[White "Richardt, Angelina"]
[Black "Hoeglauer, Patrick"]
[Result "0-1"]
[WhiteElo "1146"]
[BlackElo "1764"]
[PlyCount "72"]
[EventDate "2011.06.11"]
[EventType "swiss"]
[EventRounds "11"]
[EventCountry "GER"]
[SourceTitle "CBM 142 Extra"]
[Source "ChessBase"]
[SourceDate "2011.06.27"]
[SourceVersion "1"]
[SourceVersionDate "2011.06.27"]
[SourceQuality "1"]

1. e4 c5 2. Nc3 Nc6 3. g3 e5 4. Bg2 g6 5. d3 Bg7 6. Nf3 d6 7. Be3 Nge7 8. Qd2 Be6 9. Bh6 Bxh6 10. Qxh6 Qd7 11. 0-0 0-0-0 12. a3 f5 13. Qd2 fxe4 14. dxe4 Rhf8 15. b4 Bg4 16. Ne1 Nd4 17. Qd3 Nec6 18. f3 Be6 19. Nb5 c4 20. Nxa7+ Nxa7 21. Qe3 Bh3 22. a4 Nac6 23. b5 Nb4 24. Rc1 Bxg2 25. Kxg2 d5 26. Rf2 dxe4 27. fxe4 Rxf2+ 28. Qxf2 Qg4 29. c3 Qxe4+ 30. Kg1 Ne2+ 31. Kf1 Nxc1 32. cxb4 Nd3 33. Nxd3 Qxd3+ 34. Kg1 Qd4 35. b6 c3 36. Kf1 Qxf2+ 0-1

[Event "GER-chT U12"]
[Site "Gross Doelln"]
[Date "2010.12.29"]
[Round "6.4"]
[White "Terwel, Diederick"]
[Black "Richardt, Angelina"]
[Result "1-0"]
[WhiteElo "1028"]
[BlackElo "1101"]
[PlyCount "141"]
[EventDate "2010.12.27"]
[EventType "team-swiss"]
[EventRounds "7"]
[EventCountry "GER"]
[SourceTitle "CBM 140 Extra"]
[Source "ChessBase"]
[SourceDate "2011.03.01"]
[SourceVersion "1"]
[SourceVersionDate "2011.03.01"]
[SourceQuality "1"]
[WhiteTeam "Porz SG U12"]
[BlackTeam "Breitenworbis U12"]
[WhiteTeamCountry "GER"]
[BlackTeamCountry "GER"]

1. d4 Nf6 2. c4 d6 3. Nc3 Nbd7 4. e3 e5 5. Nf3 Be7 6. Bd3 0-0 7. 0-0 Re8 8. Re1 c6 9. Qc2 Qc7 10. b3 a6 11. Ba3 b5 12. Ne4 Bb7 13. Nxf6+ Nxf6 14. dxe5 dxe5 15. Bxe7 Rxe7 16. Nd2 b4 17. Ne4 Nxe4 18. Bxe4 h6 19. Rad1 Rd7 20. Rxd7 Qxd7 21. Rd1 Qc7 22. Qd2 c5 23. Bxb7 Qxb7 24. Qd5 Qxd5 25. Rxd5 Rc8 26. Rxe5 Rd8 27. Rd5 Rc8 28. Kf1 Kf8 29. Ke2 Ke7 30. Kd3 Ke6 31. Ke4 g6 32. g4 h5 33. gxh5 gxh5 34. Rxh5 Kd6 35. Rh6+ Kc7 36. Rxa6 Rd8 37. a3 bxa3 38. Rxa3 Kb6 39. Ra2 Rh8 40. f4 Re8+ 41. Kf3 f5 42. Rb2 Ka5 43. Rd2 Kb4 44. Rd5 Rf8 45. h4 Rf7 46. e4 fxe4+ 47. Kxe4 Rh7 48. h5 Rh6 49. Kf3 Rf6 50. Kg4 Rh6 51. Kg5 Rh8 52. Kg6 Rg8+ 53. Kh7 Rf8 54. f5 Rf7+ 55. Kg6 Rf8 56. Kg7 Re8 57. f6 Rc8 58. f7 Rc7 59. Kg8 Rc8+ 60. f8Q Rxf8+ 61. Kxf8 Kxb3 62. Rxc5 Kb4 63. Rc8 Ka5 64. h6 Kb6 65. h7 Kb7 66. Re8 Kc6 67. h8Q Kc5 68. Rd8 Kxc4 69. Qb2 Kc5 70. Qc2+ Kb4 71. Rb8+ 1-0

[Event "GER-chT U12"]
[Site "Gross Doelln"]
[Date "2010.12.28"]
[Round "4.4"]
[White "Rausch, Adrian"]
[Black "Richardt, Angelina"]
[Result "1-0"]
[WhiteElo "1326"]
[BlackElo "1101"]
[PlyCount "69"]
[EventDate "2010.12.27"]
[EventType "team-swiss"]
[EventRounds "7"]
[EventCountry "GER"]
[SourceTitle "CBM 140 Extra"]
[Source "ChessBase"]
[SourceDate "2011.03.01"]
[SourceVersion "1"]
[SourceVersionDate "2011.03.01"]
[SourceQuality "1"]
[WhiteTeam "Backnang U12"]
[BlackTeam "Breitenworbis U12"]
[WhiteTeamCountry "GER"]
[BlackTeamCountry "GER"]

1. d4 Nf6 2. c4 d6 3. Nc3 Nbd7 4. e4 e5 5. d5 Nc5 6. f3 a5 7. Be3 Be7 8. Bxc5 dxc5 9. Bd3 0-0 10. Nge2 c6 11. 0-0 Qd6 12. Kh1 cxd5 13. cxd5 Bd7 14. a4 Rac8 15. Bc2 Nh5 16. g4 Nf4 17. Nxf4 exf4 18. Qd2 Rfd8 19. Rae1 Qe5 20. Rc1 c4 21. Ne2 Bd6 22. Rb1 Rc7 23. Qxa5 Rcc8 24. Qc3 Qxc3 25. Nxc3 Be5 26. h4 Bxc3 27. bxc3 Rb8 28. Rb4 Rdc8 29. Rfb1 Rc7 30. d6 Rc6 31. Rxb7 Rxb7 32. Rxb7 Rxd6 33. Rb8+ Bc8 34. Rxc8+ Rd8 35. Rxd8# 1-0

[Event "GER-chT U12"]
[Site "Gross Doelln"]
[Date "2010.12.27"]
[Round "1.4"]
[White "Ehmann, Thilo"]
[Black "Richardt, Angelina"]
[Result "1-0"]
[WhiteElo "1288"]
[BlackElo "1101"]
[PlyCount "103"]
[EventDate "2010.12.27"]
[EventType "team-swiss"]
[EventRounds "7"]
[EventCountry "GER"]
[SourceTitle "CBM 140 Extra"]
[Source "ChessBase"]
[SourceDate "2011.03.01"]
[SourceVersion "1"]
[SourceVersionDate "2011.03.01"]
[SourceQuality "1"]
[WhiteTeam "Sasbach U12"]
[BlackTeam "Breitenworbis U12"]
[WhiteTeamCountry "GER"]
[BlackTeamCountry "GER"]

1. e4 e5 2. d4 exd4 3. Nf3 Nf6 4. e5 Nd5 5. Qxd4 c6 6. Bc4 Qb6 7. Qxb6 Nxb6 8. Bb3 Bc5 9. 0-0 0-0 10. Be3 Bxe3 11. fxe3 h6 12. Nh4 Nd5 13. Rf3 Ne7 14. Nc3 d5 15. exd6 Nd5 16. Nxd5 cxd5 17. Bxd5 Nd7 18. Ng6 Rd8 19. Ne7+ Kh7 20. Nxc8 Raxc8 21. Be4+ Kg8 22. Bd5 Ne5 23. Rf5 Re8 24. Bxf7+ Kh7 25. Bxe8 Rxe8 26. Rd1 Nd7 27. Rf7 Rd8 28. e4 Kg8 29. Re7 Kf8 30. e5 b6 31. e6 Nf6 32. Rf7+ Ke8 33. d7+ Nxd7 34. Rfxd7 Rxd7 35. exd7+ Kd8 36. b4 b5 37. a4 a6 38. a5 g5 39. c4 bxc4 40. b5 c3 41. bxa6 c2 42. Rc1 Kxd7 43. a7 g4 44. a8Q g3 45. Rxc2 gxh2+ 46. Kxh2 h5 47. Qd5+ Ke7 48. Re2+ Kf8 49. Qf5+ Kg7 50. Re7+ Kg8 51. Qh7+ Kf8 52. Qf7# 1-0